000
00199 a2200097 4500
001
69348
082
_a
516.24 SPA
090
_c
38682
_d
38682
100
_a
Sparks Fred W
245
_a
Plane Trigometry
942
_a
caenust
_k
516.24 SPA
999
_c
304421
_d
304421